Economic Activities of the Slovak Co-operatives in the Years 2010 to 2014

Odvetvová štruktúra družstiev na Slovensku. Vybrané ukazovatele družstiev, porovnané s inými podnikmi: likvidita, aktivita, zadlženosť, rentabilita majetku a tržieb a pomer pridanej hodnoty k objemu tržieb. SWOT analýza slovenských družstiev.

Enregistré dans:
Détails bibliographiques
Auteur principal: Šúbertová, Elena
Format: Chapitre de livre
Langue:anglais
Sujets:
Tags: Ajouter un tag
Pas de tags, Soyez le premier à ajouter un tag!

MARC

LEADER 00000naa a2200000 4500
001 0200710
005 20240527075537.6
041 0 |a eng 
044 |a CZ 
245 1 0 |a Economic Activities of the Slovak Co-operatives in the Years 2010 to 2014  |c Elena Šúbertová 
520 |a Odvetvová štruktúra družstiev na Slovensku. Vybrané ukazovatele družstiev, porovnané s inými podnikmi: likvidita, aktivita, zadlženosť, rentabilita majetku a tržieb a pomer pridanej hodnoty k objemu tržieb. SWOT analýza slovenských družstiev. 
610 2 0 |a podnikanie 
610 2 0 |a zamestnávatelia 
610 2 0 |a ukazovatele ekonomické 
610 2 0 |a ukazovatele kvalitatívne 
610 2 0 |a sektor družstevný 
100 1 |a Šúbertová, Elena